Hobbit/Lord of the Rings General Knowledge. - Statistics

General Stats
  • This quiz has been taken 361 times
  • The average score is 28 of 32
Answer Stats
Hint Answer % Correct
Who stole the One Ring off Gollum? Bilbo Baggins
99%
How many dwarfs were in the company of Thorin? 13
98%
How many members were in the fellowship? 9
98%
What is the name of the ring bearer? Frodo
96%
What is the name of the Wizard in both the Hobbit and Lord of Rings? Gandalf
95%
What is the name of ^ best friend? Samwise
95%
What is the name of the Dwarf? Gimli
94%
The other one? Pippin
94%
What is Strider's real name? Aragorn
93%
What is the name of the elf in the fellowship? Legolas
93%
What is the name of one of the trouble making hobbits? Merry
93%
What is the name of the Lord of Rivendell? Elrond
92%
What was Gollum called before he became Gollum? Smeagol
91%
What is the name of one of the humans in the fellowship? Boromir
88%
Who directed all 6 Hobbit/Lord of the Rings films? Peter Jackson
88%
What is the name of Bilbo's (and later Frodo's) Sword? Sting
88%
Name the Dwarfs that were in the company of Thorin. #1 Thorin
88%
#2 Fili
87%
#3 Kili
87%
#7 Gloin
85%
#5 Balin
84%
What is the name of the Ent that Merry and Pippin meet in Fangorn? Treebeard
83%
#4 Dwalin
82%
#6 Oin
82%
#9 Bofur
80%
#10 Bombur
80%
#8 Bifur
78%
#12 Nori
78%
#11 Ori
77%
#13 Dori
74%
In "Fellowship of the Ring," what gift does Lady Galadriel give Gimli before the fellowship leaves Lothlorien? 3 strands of her hair
71%
What is the name of Aragorn's horse? Brego
46%
No matching quizzes found
Score Distribution
Percent of People with Each Score
Percentile by Number Answered
Your Score History
You have not taken this quiz